| 000 | 00546nam a22001815i 4500 | ||
|---|---|---|---|
| 001 | 171604 | ||
| 003 | ES-MaACL | ||
| 005 | 20230906214656.0 | ||
| 008 | 090522s1971 sp |||| | spa d | ||
| 080 | _a621.791.7 | ||
| 245 | 0 | 0 |
_aSoldadura eléctrica _b: manual del soldador. |
| 250 | _a5ª ed. | ||
| 260 |
_aZaragoza : _bGuiral Industrias Eléctricas, _c[1971] |
||
| 300 |
_a323 p. : _bil. ; _c18 cm. |
||
| 650 | 1 | 4 |
_aSoldadura eléctrica. _917223 |
| 710 | 2 |
_aGuiral Industrias Eléctricas. _9140283 |
|
| 852 |
_aES-MaACL _jC-45985 _9R.77362 |
||
| 999 |
_c171604 _d171604 |
||